[Event "Hastings 9091"]
[Site "Hastings"]
[Date "1990.12.??"]
[Round "8"]
[White "Bareev, Evgeny"]
[Black "Sax, Gyula"]
[Result "1-0"]
[WhiteElo "2590"]
[BlackElo "2600"]
[Annotator "Ftacnik,L"]
[PlyCount "59"]
[EventDate "1990.12.??"]
[EventType "tourn"]
[EventRounds "14"]
[EventCountry "ENG"]
[EventCategory "13"]
[SourceTitle "CBM 022"]
[Source "ChessBase"]
[SourceDate "1991.06.01"]
[SourceVersion "1"]
[SourceVersionDate "1991.06.01"]
[SourceQuality "1"]

1. d4 Nf6 2. c4 e6 3. Nc3 Bb4 4. Bg5 h6 5. Bh4 c5 6. d5 d6 7. e3 Bxc3+ 8. bxc3
e5 9. f3 g5 10. Bg3 e4 11. h4 g4 12. h5 exf3 13. gxf3 Qe7 14. Bh4 $5 Qxe3+ 15.
Qe2 Qxe2+ 16. Nxe2 Nxh5 17. O-O-O Nd7 (17... gxf3 18. Ng1 Bg4 19. Re1+ Kf8 (
19... Kd7 20. Re7+ Kc8 21. Nxf3 $1 Nd7 (21... Bxf3 22. Bh3+ Nd7 (22... Kd8 23.
Rd7+ Kc8 24. Rxf7+ $18) 23. Bxd7+ Kb8 24. Rf1 $18) 22. Nh2 f5 23. Nxg4 fxg4 24.
Be2 Ne5 (24... Nhf6 25. Rf1) 25. Rxe5 dxe5 26. Bxg4+ Kc7 27. Bxh5 $18) 20. Nh3
Bf5 (20... Nd7 $2 21. Nf2 Bf5 22. Be7+ Kg7 23. Rxh5 $18) (20... Bxh3 $2 21.
Bxh3 Na6 22. Be7+ Ke8 (22... Kg8 23. Rhg1+ Ng7 24. Rxg7+ $1 Kxg7 25. Rg1+ Kh7
26. Bf5#) 23. Bf6+ $18) (20... Kg7 21. Rg1 f5 22. Nf2 Nf6 23. Re7+ Kg6 24. Bd3
h5 25. Re6 Nbd7 26. Nxg4 hxg4 27. Bxf6 Nxf6 28. Rxg4+ Kh5 29. Rf4 $18) 21. Nf2
Nf4 22. Be7+ Kg7 23. Bxd6 Ng6 24. Bxc5 Nd7 25. Bd4+ $16) 18. fxg4 Ng7 (18...
Nhf6 19. Ng3 Nxg4 20. Nf5 O-O 21. Rg1 h5 22. Nxd6 f6 23. Be2 Nde5 24. Rdf1 $146
) 19. Ng3 Kf8 20. Ne4 Ne5 21. Nxd6 Bxg4 22. Re1 Nf3 (22... Ng6 23. Nxb7 $16)
23. Be7+ Kg8 24. Re3 f5 25. Be2 Ng5 26. Bxg4 fxg4 27. Rg1 Kh7 28. Rxg4 Kg6 29.
Reg3 Nh5 30. Rxg5+ $1 {Ftacnik,L} (30. Rxg5+ $1 hxg5 31. Rxg5+ Kh7 32. Rxh5+
Kg6 33. Rxh8 Rxh8 34. Nxb7 $18) 1-0

[Event "Odorheiu Secuiesc"]
[Site "Odorheiu Secuiesc"]
[Date "1993.??.??"]
[Round "1"]
[White "Rogozenco, Dorian"]
[Black "Sax, Gyula"]
[Result "1-0"]
[WhiteElo "2480"]
[BlackElo "2570"]
[Annotator "Glatman,V"]
[PlyCount "53"]
[EventDate "1993.05.??"]
[EventType "tourn"]
[EventRounds "11"]
[EventCountry "ROU"]
[EventCategory "12"]
[SourceTitle "CBM 036"]
[Source "ChessBase"]
[SourceDate "1993.10.01"]
[SourceVersion "1"]
[SourceVersionDate "1993.10.01"]
[SourceQuality "1"]

1. d4 Nf6 2. c4 e6 3. Nc3 Bb4 4. Bg5 h6 5. Bh4 c5 6. d5 d6 7. e3 Bxc3+ 8. bxc3
e5 (8... Qe7 9. Nf3 Nbd7 10. Nd2 O-O 11. Be2 Ne5 12. Ne4 $1 g5 13. Nxf6+ Qxf6
14. Bg3 Nxc4 15. O-O $14 {Bareev,E-Chandler,M Hastings 1991 Inf 53/528/}) (8...
exd5 9. cxd5 Nbd7 10. Bd3 Qa5 11. Ne2 Nxd5 12. O-O Nxc3 13. Nxc3 Qxc3 14. Rc1
Qa5 15. Qg4 O-O 16. Qe4 $1 g6 17. Qf4 $44 {Neverov,V-Obukhov,A Smolensk 1991
Inf 53/527/}) 9. f3 g5 10. Bg3 e4 (10... Qe7 11. Bd3 Nbd7 12. Ne2 Rg8 13. Qc2
h5 14. h4 g4 15. Rb1 Kd8 16. a4 Kc7 $10 {Timman,J-Polugaevsky,L Linares 1985
Inf 39/689/}) 11. h4 g4 (11... Rg8 $5 12. hxg5 hxg5 13. f4 Bg4 $13) 12. h5 $1
exf3 13. gxf3 Qe7 14. Bh4 Qe5 $5 $146 (14... Qxe3+ $6 15. Qe2 Qxe2+ 16. Nxe2
Nxh5 17. O-O-O $1 $16 {/\17...gf 18.Re1!!+-; Bareev,E-Sax,G Hastings 1990 Inf
51/545/}) 15. Qd2 Nxh5 (15... Na6 16. f4 Qe7 17. Bd3 $16) (15... gxf3 16. Nxf3
Qf5 (16... Qe4 17. Bxf6 Qxf3 18. Bxh8 Qxh1 19. O-O-O $16) 17. Qe2 $1 {/\ 18.
Bh3+/-/}) 16. O-O-O $16 gxf3 17. Nxf3 Qe4 18. Qf2 $1 (18. Be2 Bg4 19. Rdf1 (19.
Rhf1 Bxf3 20. Bxf3 Qxh4 21. Rh1 Qe7 $13) 19... f5 $13) 18... Bg4 (18... Bf5 19.
Bd3) 19. Be2 f5 20. Nd2 Qe5 $8 21. Bxg4 Qxc3+ (21... fxg4 22. Rhf1 Qg7 23. Ne4
$18) 22. Kb1 Qd3+ 23. Kb2 fxg4 24. Rhf1 Qg6 25. Ne4 $1 $18 Na6 26. Qf5 Qxf5 (
26... Rg8 27. Qxh5 Qxh5 28. Nf6+ $18) 27. Rxf5 (27. Rxf5 Ng7 28. Nxd6+ Kd7 29.
Rf7+ Kxd6 30. Bg3#) 1-0

[Event "Nussloch"]
[Site "Nussloch"]
[Date "1996.??.??"]
[Round "7"]
[White "Jussupow, Artur"]
[Black "Slobodjan, Roman"]
[Result "1-0"]
[WhiteElo "2655"]
[BlackElo "2525"]
[Annotator "Jussupow,A"]
[PlyCount "85"]
[EventDate "1996.??.??"]
[EventType "tourn"]
[EventRounds "11"]
[EventCountry "GER"]
[EventCategory "15"]
[SourceTitle "CBM 053"]
[Source "ChessBase"]
[SourceDate "1996.08.01"]
[SourceVersion "1"]
[SourceVersionDate "1996.08.01"]
[SourceQuality "1"]

1. d4 {Hansen,LB} Nf6 2. c4 e6 3. Nc3 Bb4 4. Bg5 {Hansen,LB: Usually Jusupov
employs the Rubinsteinvariation 4.e3.} c5 5. d5 d6 6. e3 h6 7. Bh4 Bxc3+ 8.
bxc3 e5 9. Qc2 {The main lines are 9.Bd3 and 9.f3.} Qe7 (9... Nbd7 {Hansen,LB}
10. Bd3 Qe7 11. f3 Kd8 $5 12. Ne2 g5 13. Bg3 Kc7 14. h4 Rg8 15. hxg5 hxg5 16.
Rh6 Qf8 17. Rh2 Nb6 18. a4 Bd7 19. a5 Nc8 20. Kd2 Rh8 21. Rah1 Rxh2 22. Rxh2
Ne7 23. Qb1 Re8 24. Bc2 {1/2-1/2/Timman,J-Andersson,U/Tilburg/1977/}) (9... g5
10. Bg3 e4) 10. Nf3 {Hansen,LB:Very interesting! Usually White plays Bd3,f3
and Ne2, as most players are afraid to give up the black squared B after g7-g5
and Nh5, but Jusupov has an interesting idea.} Nbd7 (10... Kd8 11. Nd2 Kc7 12.
Bd3 g5 13. Bg3 Nh5 {(Yusupov,A-Short,N/Novgorod 63/460 1995)} 14. h3 $5 $14) (
10... Bg4 11. Nd2 g5 12. Bg3 Nbd7 13. Bd3 Kf8 14. f3 Bh5 15. Rb1 b6 16. e4 $14
{Lempert,I-Lerner,K/Sankt_Peterburg 59/(576) 1993 (22)}) 11. Nd2 g5 (11... e4
12. Be2 g5 13. Bg3 Nf8 14. h4 Rg8 15. Rb1 Ng6 $13 {Morozevich,A-Vyzmanavin,A/
Alusta 60/497 1994} (15... Kd8 {Vyzmanavin,A})) 12. Bg3 Nh5 $146 (12... b6 $6 {
Murshed,N} 13. Bd3 Kd8 14. O-O-O $1 Kc7 15. f4 Nh5 16. Qa4 $1 $36 {Murshed,
N-Adianto,U/Penang 53/529 1991}) (12... e4 $5 {Hansen,LB}) (12... Kd8 $5 {
Hansen,LB}) 13. Bd3 Ndf6 14. h3 $1 {/\Bh2, g4 Hansen,LB:There it is! White
threatens to keep the B with Bh2, but after the exchange on g3 White gets play
on the f-file.} Nxg3 (14... Rg8 $5 15. Bh2 $140 g4 $13) 15. fxg3 Nh5 16. O-O $1
$36 {<->f} Nxg3 17. Rf3 e4 $1 (17... Nh5 $2 18. Bg6 Nf6 (18... fxg6 {Hansen,LB}
19. Qxg6+ Kd8 20. Rf7 $1 (20. Qxh5 $16) 20... Qe8 21. Qxd6+ Bd7 22. Raf1 Nf4 $8
23. Qf6+ Kc8 24. exf4 exf4 25. Nf3 $18 {/\ Re1-e7+-}) 19. Raf1 $16 (19. Bxf7+
$5 $16)) 18. Nxe4 (18. Bxe4 Qe5 $5 $13 (18... Nxe4 19. Nxe4 f5 20. Ng3 O-O $14)
) 18... Nxe4 19. Bxe4 Bd7 $2 (19... O-O $142 20. Raf1 f6 21. Bd3 Bd7 22. Qf2
Kg7 23. Bb1 $36 {/\Qc2}) (19... g4 $5 20. hxg4 Bxg4 21. Rf4 Bh5 $14 (21... Rg8
$5 $14)) 20. Raf1 Rf8 (20... O-O $5 21. Bh7+ Kh8 $1 (21... Kg7 $2 22. Rxf7+ $18
) 22. Rf6 $36) 21. Bg6 $16 O-O-O 22. Bxf7 g4 23. hxg4 Bxg4 24. Rf4 $1 (24. Rf6
Qxe3+ 25. Qf2 Qxf2+ 26. R1xf2 Rh8) 24... Qxe3+ 25. Qf2 Qxf2+ 26. R1xf2 Bd7 (
26... h5 $4 27. Be6+ $18) 27. Rf6 Rh8 28. Rxd6 h5 29. Kh2 Rdf8 30. Rdf6 $18 Kd8
31. d6 Bc6 32. Be6 Re8 33. Bh3 $1 {/\d7; /\Rf7} (33. Rg6 Be4) 33... Bd7 34. Rf7
Bxh3 35. Kxh3 Rh6 36. Rxb7 Rxd6 37. Rff7 Re3+ 38. Kh4 Kc8 39. Rxa7 Kb8 40.
Rfb7+ Kc8 41. Re7 Rxe7 42. Rxe7 Rg6 (42... Rd2 43. Rg7 $18) 43. Re2 1-0

[Event "ROM-chT"]
[Site "Calimanesti Caciulata"]
[Date "2016.11.21"]
[Round "3.5"]
[White "Ionescu, Constantin"]
[Black "Marin, Mihail"]
[Result "0-1"]
[WhiteElo "2444"]
[BlackElo "2549"]
[Annotator "Marin,M"]
[PlyCount "66"]
[EventDate "2016.11.19"]
[EventType "team-tourn"]
[EventRounds "9"]
[EventCountry "ROU"]
[SourceTitle "CBM 176"]
[Source "ChessBase"]
[SourceDate "2017.01.17"]
[SourceVersion "1"]
[SourceVersionDate "2017.01.17"]
[SourceQuality "1"]
[WhiteTeam "Techirghiol Victoria"]
[BlackTeam "Timisoara Medicina"]
[WhiteTeamCountry "ROU"]
[BlackTeamCountry "ROU"]

{Over the decades Constantin has been a difficult opponent for me. After our
first game in 1984 the personal score quickly became 3-1 (not counting the
draws) in his favour. An over-optimistic attempt at improving my result failed
and for many years the score was settled to 4-1. But recently things have
started flowing my way: it could be that the difference of age (7 years) has
finally started telling. After winning against Constantin in the last two
years' team championships I now finally levelled the score after a third of a
century.} 1. d4 Nf6 2. c4 e6 3. Nc3 Bb4 4. Bg5 {I didn't quite expect the
Nimzo-Indian, but I knew that if it occurred on board my opponent would play
the Leningrad Variation, his speciality all his life.} h6 ({Thirty years ago
we had this variation with reversed colours in the following unpublished game:
} 4... c5 5. d5 d6 6. f3 $5 ({I never was keen on trying} 6. e3 exd5 7. cxd5
Nbd7 8. Bd3 Qa5 {with either colour. With Black I would feel I am struggling
and with White I would fear it's rather drawish.} 9. Nge2 Nxd5 {Jussupow,A 
(2660)-Kortschnoj,V (2635) Madrid 1995 CBM 047 [Hansen,Cu] (½-½, 59), is the
latest annotated game in the database. Recent developments have not changed
the general evaluation:} 10. O-O Bxc3 11. bxc3 c4 12. Bc2 O-O 13. Bh4 Nxc3 14.
Nxc3 Qxc3 15. Rc1 {Volkov,S (2607)-Tiviakov,S (2613) Algiers 2016 (½-½, 23),
with just normal compensation for the pawns.}) 6... exd5 7. cxd5 O-O 8. e4 Re8
9. Be2 $6 (9. Bd3 $2 {allows the devastating} Nxe4 $1) ({but} 9. Bb5 {looks
better.}) 9... h6 10. Bh4 Nbd7 11. Nh3 {In the Sämisch Benoni Constantin
likes developing the knight like this himself, but as we will see the bishop
is misplaced in this position.} Ne5 12. Nf2 Ng6 13. Bg3 Nh5 14. Qd2 Nxg3 15.
hxg3 Bd7 16. O-O b5 $17 {Marin-Ionescu, Romanian championship 1986.}) 5. Bh4 c5
6. d5 Bxc3+ 7. bxc3 e5 {This position is not only more to my taste, but also
more in the initial spirit of the Nimzo-Indian.} 8. Qc2 d6 9. e3 Nbd7 10. Nf3
Qe7 11. Nd2 {Ionescu almost always uses this flexible setup in the
Nimzo-Indian and I had had a brief look at some games without analysing
anything specifically. One thing I was sure about: I would not hurry with ...
g7-g5 or ...e5-e4, which offer White ideas for early pawn breaks with either
h2-h4 or ...f2-f3.} Kd8 $5 {Since I was not going to castle short for sure,
this looks like the only way of implementing my "plan". Engines are outraged
by this move, possibly because losing the right to castle weighs a bit too
much in their system of evaluation.} ({Another plan making me refrain from} 
11... e4 {Henriksson,J (2210)-Akesson,J (2345) SWE-chB Gothenburg 2005 (2) 0-1
was the knight sacrifice on d4, something I had examined in my Strategy column
dedicated to the strength of the doubled pawns. Take for instance the
following game in which White missed 20.Nd4!} {On more concrete terms, we can
see some of Black's possible problems in the next relatively recent game:} 12.
Be2 g5 13. Bg3 Nf8 14. O-O Ng6 15. f4 exf3 16. Rxf3 Ng4 17. Ne4 N6e5 18. Raf1
Bd7 (18... Nxf3+ 19. Bxf3 Ne5 20. Bh5 Rf8 21. Rf6 $18) 19. Nxd6+ ({White's
position is so strong that he can afford such "quiet" moves as} 19. Qb1 $5 $18
{[%csl Gb7] and if} b6 20. Nxd6+ $1 {is even stronger than in the game:} Qxd6
21. Rxf7) 19... Qxd6 20. Rxf7 Nxe3 {This is the difference, the queen is
hanging. But this does not spare Black problems.} 21. Qe4 Nxf1 22. Bxe5 Nd2 23.
Qe3 Qg6 24. Rf2 Qb1+ 25. Bf1 Nxf1 26. Rxf1 Qxf1+ 27. Kxf1 O-O+ 28. Kg1 Rae8 29.
h3 $2 (29. Qg3 $1 $14 {[%cal Gh2h4]}) 29... Rf5 $15 {Rapport,R (2605)
-Grandelius,N (2562) Athens 2012 (1/2-1/2, 33)}) ({Or if} 11... g5 12. Bg3 {
[%cal Gh2h4,Gf2f3]} Nh5 13. Bd3 Ndf6 14. f3 Nxg3 15. hxg3 g4 16. Bf5 Kd8 17.
Ke2 Kc7 18. Raf1 Bd7 19. fxg4 Nxg4 20. Bxd7 Qxd7 21. Qf5 f6 22. Ne4 {Berkes,F 
(2678)-Chuchelov,V (2565) Germany 2011 (1-0, 39), with slight pressure.}) 12.
Be2 {Ionescu is consequently following his trusted path.} (12. Bd3 {looks more
active but I was surprized to find a game in which Black played a similar plan
to mine.} Kc7 13. f3 Nb6 14. a4 {This is natural but White will now have to
count with a permanent weakness on a4.} g5 15. Bg3 (15. Bf2 a5 16. h4 g4 {
[%cal Gf6h5]} 17. h5 Qe8 {[%csl Ga4,Gh5]}) 15... a5 16. Bf5 {If Black had a
dark-squared bishop, this exchange would cause him strategic problems. The way
it is, the only bishop that could turn "bad" is White's.} (16. h4 Nh5 17. Bf2
g4 $15) 16... Bxf5 17. Qxf5 Nh5 ({It looks safer to clear the f-pawn's path by
defending the b6-knight with} 17... Nfd7 18. O-O h5 19. Rfb1 Qf6 20. Qc2 Rag8
21. Rb5 h4 22. Bf2 g4 $36 {Black's initiative develops faster.}) 18. Qc2 Qd7
19. O-O f5 20. Rfb1 Nxg3 21. hxg3 h5 22. Rb5 $2 {Missing a good moment.} (22.
Qb2 $1 Ra6 23. Ra3 $18) 22... Nc8 23. Rab1 b6 $11 {Djukic,Z (2385)-Abramovic,B
(2490) Kladovo 1996 (½-½, 33). Everything is safely blocked on the queenside
and it is only Black who can hope to make some progress on the kingside.})
12... Kc7 13. Rb1 {White gladly embarks on a semi-waiting game, hoping that
Black will finish the useful moves first.} (13. O-O-O {is quite committal,
delaying White's play along the b-file for a long while.} g5 14. Bg3 h5 15. h4
g4 16. Bd3 Nb6 17. Kb1 Bd7 18. Ka1 Raf8 19. Rb1 Ne8 20. e4 Ng7 21. f4 gxf3 22.
gxf3 f5 $132 {Marusenko,P-Levin,F (2320) Naleczow 1989 (1/2-1/2, 60)}) 13...
Nb6 $5 $146 {I confess I did not know the aforementioned games featuring this
manoeuvre, but during my short peparation I had noticed that my engine
occasionally suggested placing the knight on b6. Over the board I thought this
would not be such a bad idea. First of all, Black secures his queenside but
more importantly he gets at least one more useful, half-waiting, move (...Bd7)
while White seems to have exhausted his.} ({My last move turned out to be a
novelty compared to an old game of my opponent which I had witnessed from
close up:} 13... g5 14. Bg3 Ne8 15. h4 Rg8 16. hxg5 hxg5 17. Bd3 (17. f3 {
fails to prevent ...f7-f5 properly} Ng7 18. e4 f5 $5 19. exf5 Nf6 20. Bd3 Ngh5
21. Bf2 g4 $132 {Black will soon have a dream square on f4 for his h5-knight.})
17... Ng7 18. Rh6 $6 {This only wastes time.} (18. f3 Qf8 {[%cal Gf7f5] leaves
White with nothing better than} 19. Ne4 Qe7 {[%cal Gf7f5]} 20. Nd2 {with a
repetition.}) ({It seems to be best to keep the f3-square available for the
knight with, say,} 18. a4 {Engines claim that now 18...f5 offers entirely
adequate compensation for the pawn, but I would be afraid that in the long run
f2-f4 would turn the g3-bishop dangerous. Still, sooner or later Black may
have to sacrifice the pawn since otherwise it would not be easy to make
progress on the kingside while on the opposite wing White would increase his
pressure with simple moves. For instance:} Qf8 19. Nf3 $1 {The point.} Qe7 20.
a5 f5 21. Bxf5 Nxf5 22. Qxf5 Nf6 23. Qc2 Bd7 $44) 18... Nf6 19. Be2 (19. f3
Ngh5 20. Bf2 Qf8 $17) 19... Nf5 20. Rh2 Bd7 21. Nf1 {1/2-1/2 Ionescu,C (2480)
-Lokotar,E (2340) Vosu 1989} Rh8 $15 {Black is perfectly regrouped and is
ready to take over the initiative along the h-file.}) 14. Kd1 {My opponent
played this rather quickly and I felt it actually suits his slow manoeuvring
style. But the king's road to safety is long and this allows Black to prepare
his pawn counterplay. But I am not sure which would be the best continuation.}
(14. a4 a5 {[%cal Ga8a6,Gc8d7] creates the familiar problems.}) ({While} 14.
O-O {offers Black a clear target:} g5 15. Bg3 h5 16. h4 Nh7 17. hxg5 Nxg5 18.
f4 h4 19. Bh2 exf4 20. Bxf4 Bd7 $15 {[%cal Gh4h3,Ga8g8]}) 14... Bd7 15. Kc1 g5
{After connecting rooks I couldn't find any reason to refrain from the
kingside expansion, as h2-h4 would not be annoying anymore.} 16. Bg3 Ne8 17.
Bd3 {But when I saw this move I started being a bit worried. After evacuating
the e+file, White is ready to open the centre with f2+f4. While strategically
this looks risky, it could cause Black some troubles with his stability.} (17.
h4 Ng7 $15 {[%csl Gh8][%cal Gf7f5]}) (17. e4 Ng7 18. Nf1 f5 $15) 17... Ng7 18.
f4 Ba4 $1 $17 {An important move, made possible by the unusual development of
the queenside knight and forcing White to spoil his coordination due to the
congestion on the queenside.} 19. Nb3 ({After the game we concluded that} 19.
Qb2 {was better, even though we felt that White's position is unnatural. It
turns that here, too, Black has an advantage.} exf4 20. exf4 Nh5 {This was our
main line but Black has several other good moves.} (20... Qe3 21. Bc2 Qxd2+ $1
22. Kxd2 Nxc4+ 23. Kc1 Nxb2 {[%csl Ga4] with a clear extra pawn.}) ({The best
might be the developing} 20... Rae8 21. Nf3 Nh5 22. Re1 Qf6 {and with such
poor coordination White is busted.}) 21. Re1 Qd7 22. f5 Nxg3 23. hxg3 Rae8 24.
Ne4 {We thought this would be more or less equal, but we were wrong.} Qxf5 (
24... Re5 25. g4 h5 {is also strong.}) 25. Rf1 Qe5 26. Rxf7+ Re7 $17) 19...
exf4 ({My initial intention was} 19... e4 {but then I noticed a tactical
possibility for White.} 20. Bxe4 (20. Be2 Nf5 21. Bf2 gxf4 22. exf4 h5) {
The right way to proceed is} 20... Rae8 $1 (20... Nxc4 21. Qd3 $1 {[%cal Gb3c5]
} ({I feared} 21. Na5 {failing to notice} b5 $1 22. Qxa4 Qxe4 23. Rxb5 Qxe3+
24. Kc2 Na3+ 25. Qxa3 Qe2+ $17 {[%csl Gb5]}) 21... Bxb3 22. Rxb3 Nb6 23. c4 $44
) 21. Bd3 Nh5 $17 {causing White's centre to collapse. But despite my
inaccurate calculation my move was not a bit worse.}) 20. exf4 Nh5 21. Re1 Qf6
22. fxg5 Qxg5+ 23. Qd2 Nxg3 24. Qxg5 hxg5 25. hxg3 Rae8 $17 {Black has the
better structure on both wings and White still needs time for getting
coordinated.} 26. Rf1 (26. Rxe8 Bxe8 27. Kd2 Rh2 28. Rg1 Nd7 29. Ke2 Ne5 30.
Nd2 Bd7 $17) 26... Re7 27. Kd2 Nd7 28. Rf5 Ne5 29. Rbf1 (29. Rxg5 Rh2 {[%cal
Gh2g2,Ge5f3]}) (29. Be2 Bd7 30. Rxg5 $2 f6 $19 {[%csl Gg5]}) 29... Rh2 30. R1f2
$6 {Trying to stay active leads to a quick defeat as White will soon be short
of good squares for his f5-rook} (30. R5f2 a6 31. Be2 b5 $17 {[%csl Gd5]})
30... Bd7 31. Rf6 $2 (31. Rxg5 Ng4 (31... Rxg2 32. Rxg2 Nf3+ 33. Kc2 Nxg5 $17)
32. Re2 Rxe2+ 33. Bxe2 Rxg2 34. Rg7 Ne5 35. Ke3 f5 $5 {[%cal Gf5f4]} 36. Rg5
Ng4+ 37. Bxg4 fxg4 $19) 31... Ng4 32. Rxf7 Rxf7 33. Rxf7 Rxg2+ (33... Rxg2+ 34.
Be2 Ne5 35. Rg7 Rxg3 $19) 0-1

[Event "Match/Team URS-World 20,5-19,5"]
[Site "Belgrade"]
[Date "1970.03.29"]
[Round "1.1"]
[White "Spassky, Boris Vasilievich"]
[Black "Larsen, Bent"]
[Result "1/2-1/2"]
[WhiteElo "2670"]
[BlackElo "2650"]
[Annotator "Spassky/Larsen"]
[PlyCount "80"]
[EventDate "1970.03.29"]
[EventType "team"]
[EventRounds "4"]
[EventCountry "YUG"]
[SourceTitle "MCL"]
[Source "ChessBase"]
[SourceDate "1999.07.01"]
[SourceVersion "1"]
[SourceVersionDate "1999.07.01"]
[SourceQuality "1"]
[WhiteTeam "Soviet Union"]
[BlackTeam "World"]
[WhiteTeamCountry "URS"]
[TimeControl "40/9000:16/5400:0"]

1. d4 Nf6 2. c4 e6 3. Nc3 Bb4 4. Bg5 c5 5. d5 Bxc3+ (5... h6 6. Bh4 O-O {
Mititelu-Larsen/Reykjavik/}) 6. bxc3 e5 7. Nf3 (7. d6 $5 {Spassky}) 7... d6 (
7... Qa5 {Larsen}) (7... h6 8. Bh4 e4 9. Nd2 e3 {Larsen}) 8. Nd2 $1 {Spassky}
h6 9. Bh4 Nbd7 10. e3 Nf8 11. Bd3 Ng6 12. Bg3 O-O (12... Ne7 $142 {Larsen}) 13.
O-O Ne7 14. f4 $1 {Spassky} exf4 15. Rxf4 (15. exf4 Bf5 $14 {Larsen} (15... Nf5
16. Bxf5 Bxf5 17. Bh4 $16)) 15... Ng6 16. Rxf6 $5 {Larsen/Spassky} (16. Bxg6
fxg6 $10 {Larsen}) 16... Qxf6 17. Ne4 Qd8 $1 {Spassky} 18. Nxd6 (18. Bxd6 f5 {
Larsen/Spassky}) 18... Qg5 $1 {Larsen/Spassky} (18... f5 19. Qh5 $1 Qg5 20.
Qxg5 hxg5 21. Rf1 Ne7 22. Nxc8 Raxc8 23. Bd6 {Larsen}) 19. Qd2 b6 20. Ne4 (20.
Bxg6 Qxg6 21. e4 {Spassky}) (20. Rf1 Ne5 {Larsen}) 20... Qd8 21. Rf1 (21. Bd6
$2 f5 {Larsen}) 21... f5 22. Nd6 f4 23. exf4 (23. Nxc8 $2 fxg3 {Larsen}) (23.
Bxg6 $2 Qxd6 {Larsen}) 23... Qxd6 24. f5 Qd8 (24... Ne5 25. Qe3 (25. Qe2 Re8
26. Re1 {Larsen}) 25... Re8 26. f6 $40 {Spassky}) 25. fxg6 Rxf1+ 26. Kxf1 Qf6+
27. Qf4 Bd7 28. Ke2 $1 {Spassky} Rf8 (28... Re8+ 29. Kd2 {Larsen}) 29. Qxf6
gxf6 30. Kf3 Re8 (30... h5 $142 {Larsen}) 31. Bf2 (31. Bf4 $1 {Spassky}) 31...
h5 32. h3 Kg7 33. g4 (33. Kf4 Re7 34. Bf5 Ba4 35. d6 Re2 36. Be3 Re1 {Larsen})
33... hxg4+ 34. hxg4 Rh8 35. d6 (35. Bg3 $142 {Spassky}) 35... Rh1 (35... Bc6+
$142 36. Ke2 Be8 {Spassky}) 36. Bf5 Bc6+ 37. Ke2 Rh3 (37... Ra1 $10 {Larsen}) (
37... Rh2 $10 {Larsen}) 38. d7 (38. Be3 Rh2+ 39. Kd3 Rh3 $10 {Larsen}) 38...
Rh8 39. Bg3 Rd8 40. Bc7 (40. g5 Bxd7 41. gxf6+ Kxf6 42. Bh4+ Kxf5 43. Bxd8 Kxg6
44. Bc7 Be6 $10 {Larsen}) 40... Rxd7 1/2-1/2